Economic Resources and Economic Evolution / (Record no. 10159)
[ view plain ]
| 000 -LEADER | |
|---|---|
| fixed length control field | 00495nam a22001577a 4500 |
| 090 ## - LOCALLY ASSIGNED LC-TYPE CALL NUMBER (OCLC); LOCAL CALL NUMBER (OCLC) | |
| -- | 10159 |
| 008 - FIXED-LENGTH DATA ELEMENTS--GENERAL INFORMATION | |
| fixed length control field | 080908t xxu||||| |||| 00| 0 eng d |
| 020 ## - INTERNATIONAL STANDARD BOOK NUMBER | |
| International Standard Book Number | 97842158632 |
| 082 ## - DEWEY DECIMAL CLASSIFICATION NUMBER | |
| Edition number | 22 |
| Classification number | 330.9 |
| Item number | EZZ |
| 100 ## - MAIN ENTRY--PERSONAL NAME | |
| 9 (RLIN) | 410 |
| Personal name | El-Hamaki, Youmn. |
| 245 ## - TITLE STATEMENT | |
| Title | Economic Resources and Economic Evolution / |
| Statement of responsibility, etc | Farag Ezzat, Ihab Nadim, Youmn El-Hamaki. |
| 260 ## - PUBLICATION, DISTRIBUTION, ETC. (IMPRINT) | |
| Place of publication, distribution, etc | [Cairo]: |
| Name of publisher, distributor, etc | Dar Al-Bayan For Publications, |
| Date of publication, distribution, etc | c.[19??]. |
| 300 ## - PHYSICAL DESCRIPTION | |
| Extent | 271p; |
| Dimensions | 22cm. |
| 650 ## - SUBJECT ADDED ENTRY--TOPICAL TERM | |
| 9 (RLIN) | 417 |
| Topical term or geographic name as entry element | International trade. |
| 942 ## - ADDED ENTRY ELEMENTS (KOHA) | |
| Source of classification or shelving scheme | Dewey Decimal Classification |
| Item type | Book - Borrowing |
| Withdrawn status | Item status | Source of classification or shelving scheme | Damaged status | Not for loan | Home library | Current library | Shelving location | Date acquired | Source of acquisition | Total Checkouts | Full call number | Barcode | Date last seen | Date last borrowed | Koha item type |
|---|---|---|---|---|---|---|---|---|---|---|---|---|---|---|---|
| Dewey Decimal Classification | Central Library | Central Library | First floor | 08/09/2008 | Purchase | 1 | 330.9 EZZ | 000013838 | 15/07/2025 | 20/01/2010 | Book - Borrowing |